[Event "EU-ch Rapid"]
[Site "Zagreb"]
[Date "2023.12.14"]
[Round "3"]
[White "Maurizzi, Marc Andria"]
[Black "Jobava, Baadur"]
[Result "0-1"]
[WhiteElo "2572"]
[BlackElo "2591"]
[PlyCount "140"]
[EventDate "2023.12.14"]
[EventType "swiss (rapid)"]
[EventRounds "11"]
[EventCountry "CRO"]
[SourceTitle "CB51_2023"]
[SourceDate "2023.12.20"]
[SourceVersion "1"]
[SourceVersionDate "2023.12.20"]
[SourceQuality "1"]

1. e4 c5 2. Nf3 e6 3. c3 d5 4. exd5 Qxd5 5. d4 Nf6 6. Na3 Nc6 7. Be3 cxd4 8. Nb5 Qd7 9. Nbxd4 Be7 10. Nxc6 Qxc6 11. Ne5 Qe4 12. Bb5+ Kf8 13. Qd4 Qxd4 14. Bxd4 Nd5 15. 0-0-0 f6 16. Nf3 Kf7 17. Rhe1 Rd8 18. Bc4 b6 19. Be3 Bb7 20. Nd4 Rac8 21. Bb3 e5 22. Nf5 g6 23. Nxe7 Kxe7 24. Bd2 Nb4 25. Rxe5+ fxe5 26. Bg5+ Ke8 27. Rxd8+ Rxd8 28. Bxd8 Kxd8 29. cxb4 Bxg2 30. Kd2 Ke7 31. Ke3 Kf6 32. f3 Bh3 33. a4 Bf5 34. Kf2 h5 35. Kg3 g5 36. Bd5 Bc2 37. a5 Kf5 38. Bc6 h4+ 39. Kf2 Kf4 40. a6 Bd3 41. b5 Bc4 42. b4 Bd3 43. Be8 e4 44. fxe4 Bxe4 45. Bc6 g4 46. Bd7 g3+ 47. hxg3+ hxg3+ 48. Kg1 Ke3 49. Bc6 Kd4 50. Kf1 Bd3+ 51. Kg2 Kc3 52. Kxg3 Kxb4 53. Kf4 Bxb5 54. Bb7 Ka5 55. Ke3 Bxa6 56. Bd5 Kb4 57. Kd2 Bc4 58. Bc6 Kc5 59. Be8 a6 60. Kc3 b5 61. Kb2 b4 62. Ba4 a5 63. Bd1 Kb5 64. Bh5 a4 65. Bd1 a3+ 66. Ka1 Kc5 67. Ba4 Bb5 68. Bb3 Kd4 69. Kb1 Kc3 70. Bd1 Bd3+ 0-1

[Event "EU-chT 24th"]
[Site "Budva"]
[Date "2023.11.17"]
[Round "6.4"]
[White "Skoberne, Jure"]
[Black "Maurizzi, Marc Andria"]
[Result "0-1"]
[WhiteElo "2538"]
[BlackElo "2572"]
[PlyCount "106"]
[EventDate "2023.11.11"]
[EventType "team-swiss"]
[EventRounds "9"]
[EventCountry "MNE"]
[SourceTitle "CB47_2023"]
[SourceDate "2023.11.22"]
[SourceVersion "1"]
[SourceVersionDate "2023.11.22"]
[SourceQuality "1"]
[WhiteTeam "Slovenia"]
[BlackTeam "France"]
[WhiteTeamCountry "SLO"]
[BlackTeamCountry "FRA"]

1. d4 Nf6 2. Nf3 c6 3. c3 d5 4. Qc2 g6 5. h3 Bf5 6. Qb3 Qc7 7. Ne5 Ne4 8. Bf4 f6 9. g4 Bc8 10. e3 Qd8 11. Nd3 Nd7 12. f3 e5 13. fxe4 dxe4 14. Bg3 exd3 15. Nd2 Qe7 16. 0-0-0 e4 17. Bh4 Nb6 18. Bg2 Be6 19. c4 Nxc4 20. Nxc4 Qf7 21. Bxe4 Bxc4 22. Qc3 Be7 23. b3 Bd5 24. Bxd5 cxd5 25. Qxd3 0-0 26. e4 dxe4 27. Qxe4 Rfe8 28. Qf3 Ba3+ 29. Kb1 g5 30. Be1 Rac8 31. Qd3 Qg6 32. Qxg6+ hxg6 33. Bd2 Rcd8 34. Rhe1 Rxe1 35. Bxe1 Bd6 36. Kc2 Kf7 37. d5 Rc8+ 38. Kd2 Rh8 39. Bf2 Rxh3 40. Bxa7 Rh2+ 41. Kd3 Rxa2 42. Bd4 Rg2 43. Re1 Rg3+ 44. Kc2 Be7 45. Re4 b5 46. b4 f5 47. gxf5 gxf5 48. Re5 Rf3 49. Bc5 Bf6 50. Re6 g4 51. Ra6 g3 52. d6 Rc3+ 53. Kd2 Rxc5 0-1

[Event "EU-chT 24th"]
[Site "Budva"]
[Date "2023.11.11"]
[Round "1.8"]
[White "Maurizzi, Marc Andria"]
[Black "Lashkin, Jegor"]
[Result "1/2-1/2"]
[WhiteElo "2572"]
[BlackElo "2457"]
[PlyCount "75"]
[EventDate "2023.11.11"]
[EventType "team-swiss"]
[EventRounds "9"]
[EventCountry "MNE"]
[SourceTitle "CB47_2023"]
[SourceDate "2023.11.22"]
[SourceVersion "1"]
[SourceVersionDate "2023.11.22"]
[SourceQuality "1"]
[WhiteTeam "France"]
[BlackTeam "Moldova"]
[WhiteTeamCountry "FRA"]
[BlackTeamCountry "MDA"]

1. d4 Nf6 2. c4 e6 3. Nf3 d5 4. g3 dxc4 5. Bg2 c6 6. 0-0 b5 7. a4 Bb7 8. Ne5 a6 9. b3 cxb3 10. Qxb3 Qxd4 11. Bb2 Qb6 12. Nd2 Be7 13. Ne4 Nxe4 14. Bxe4 0-0 15. Qd3 h6 16. axb5 cxb5 17. Rac1 a5 18. Ng4 f5 19. Qc3 Bf6 20. Nxf6+ Rxf6 21. Bxb7 Qxb7 22. Rfd1 Na6 23. Qxa5 Rff8 24. Rd6 Nc5 25. Qd2 Rac8 26. Qd1 Na4 27. Ba1 Rxc1 28. Qxc1 Rc8 29. Qe3 Qe4 30. Qxe4 fxe4 31. Bd4 Nc3 32. Bxc3 Rxc3 33. Rxe6 Rc4 34. Rb6 b4 35. Kg2 Kf7 36. h4 Ke7 37. Rg6 Kf7 38. Rb6 1/2-1/2

[Event "FIDE Grand Swiss"]
[Site "Douglas"]
[Date "2023.10.29"]
[Round "5"]
[White "Maurizzi, Marc Andria"]
[Black "Wojtaszek, Radoslaw"]
[Result "0-1"]
[WhiteElo "2555"]
[BlackElo "2668"]
[PlyCount "84"]
[EventDate "2023.10.25"]
[EventType "swiss"]
[EventRounds "11"]
[EventCountry "IOM"]
[SourceTitle "Mega2024 Update 01"]
[Source "Chessbase"]
[SourceDate "2023.11.12"]
[SourceVersion "1"]
[SourceVersionDate "2023.11.12"]
[SourceQuality "1"]

1. e4 e5 2. Nf3 Nc6 3. Nc3 Nf6 4. a4 a6 5. d4 exd4 6. Nxd4 Bb4 7. Nxc6 bxc6 8. Bd3 d5 9. exd5 Qe7+ 10. Be2 Nxd5 11. Bd2 Nxc3 12. bxc3 Bd6 13. 0-0 0-0 14. Bd3 Qh4 15. g3 Qg4 16. a5 Qxd1 17. Rfxd1 Bg4 18. Re1 Rfd8 19. Bf4 Bxf4 20. gxf4 Kf8 21. Re5 f6 22. Rc5 Bf3 23. Re1 Re8 24. Re3 Rxe3 25. fxe3 Ke7 26. Bxh7 Bd5 27. c4 Kd6 28. Rxd5+ cxd5 29. cxd5 Kxd5 30. Bd3 c5 31. Be2 Ra7 32. Kf2 c4 33. Ke1 c3 34. Kf2 Kc5 35. e4 Kb4 36. Ke3 Kxa5 37. e5 Kb4 38. e6 Kc5 39. Kd3 Kd5 40. Kxc3 Kxe6 41. Kb4 Kd6 42. c4 Rb7+ 0-1

[Event "FIDE Grand Swiss"]
[Site "Douglas"]
[Date "2023.10.27"]
[Round "3"]
[White "Sargissian, Gabriel"]
[Black "Maurizzi, Marc Andria"]
[Result "0-1"]
[WhiteElo "2686"]
[BlackElo "2555"]
[PlyCount "62"]
[EventDate "2023.10.25"]
[EventType "swiss"]
[EventRounds "11"]
[EventCountry "IOM"]
[SourceTitle "Mega2024 Update 01"]
[Source "Chessbase"]
[SourceDate "2023.11.12"]
[SourceVersion "1"]
[SourceVersionDate "2023.11.12"]
[SourceQuality "1"]

1. d4 Nf6 2. c4 e6 3. Nf3 d5 4. Nc3 Be7 5. Bf4 0-0 6. e3 Nbd7 7. c5 Ne4 8. h4 f6 9. Qc2 Nxc3 10. bxc3 e5 11. Bg3 e4 12. Ng1 b6 13. cxb6 Nxb6 14. Nh3 a5 15. Nf4 Qd7 16. f3 f5 17. c4 c5 18. Rb1 Qd8 19. cxd5 cxd4 20. exd4 Bb4+ 21. Rxb4 axb4 22. d6 Qxd6 23. Qc5 Qd8 24. Qxb4 Rf7 25. Bb5 exf3 26. 0-0 Bd7 27. d5 Nxd5 28. Nxd5 Bxb5 29. Rd1 Bc6 30. Qc4 Bxd5 31. Rxd5 Qb6+ 0-1

[Event "FIDE Grand Swiss"]
[Site "Douglas"]
[Date "2023.10.26"]
[Round "2"]
[White "Maurizzi, Marc Andria"]
[Black "Bluebaum, Matthias"]
[Result "1-0"]
[WhiteElo "2555"]
[BlackElo "2668"]
[PlyCount "65"]
[EventDate "2023.10.25"]
[EventType "swiss"]
[EventRounds "11"]
[EventCountry "IOM"]
[SourceTitle "Mega2024 Update 01"]
[Source "Chessbase"]
[SourceDate "2023.11.12"]
[SourceVersion "1"]
[SourceVersionDate "2023.11.12"]
[SourceQuality "1"]

1. e4 e6 2. d4 d5 3. e5 c5 4. c3 Nc6 5. Nf3 Bd7 6. Bd3 cxd4 7. cxd4 Qb6 8. Be2 Nge7 9. Na3 Nf5 10. Nc2 Nb4 11. Nxb4 Bxb4+ 12. Kf1 Be7 13. a4 a5 14. g3 0-0 15. g4 Nh4 16. Nxh4 Bxh4 17. g5 f6 18. gxf6 gxf6 19. Bd3 f5 20. Be3 Be8 21. Qf3 Kh8 22. Rg1 f4 23. Bxh7 Bb5+ 24. Ke1 fxe3 25. Qh5 Bxf2+ 26. Kd1 e2+ 27. Kd2 e1Q+ 28. Raxe1 Bxe1+ 29. Kxe1 Rf1+ 30. Rxf1 Bxf1 31. Bg6+ Kg7 32. Qh7+ Kf8 33. Qf7# 1-0

[Event "FIDE Grand Swiss"]
[Site "Douglas"]
[Date "2023.10.25"]
[Round "1"]
[White "Sindarov, Javokhir"]
[Black "Maurizzi, Marc Andria"]
[Result "1/2-1/2"]
[WhiteElo "2658"]
[BlackElo "2555"]
[PlyCount "102"]
[EventDate "2023.10.25"]
[EventType "swiss"]
[EventRounds "11"]
[EventCountry "IOM"]
[SourceTitle "Mega2024 Update 01"]
[Source "Chessbase"]
[SourceDate "2023.11.12"]
[SourceVersion "1"]
[SourceVersionDate "2023.11.12"]
[SourceQuality "1"]

1. e4 e5 2. Nf3 Nc6 3. Bb5 Nf6 4. d3 Bc5 5. Bg5 h6 6. Bh4 d6 7. Nc3 g5 8. Bg3 Bd7 9. Na4 Bb6 10. Nxb6 axb6 11. a4 Ne7 12. 0-0 Ng6 13. Qe2 h5 14. h4 c6 15. Bc4 Nh7 16. hxg5 Nxg5 17. Qe3 Nxf3+ 18. Qxf3 Be6 19. Bxe6 fxe6 20. Qe3 h4 21. Bh2 Qf6 22. c3 Nf4 23. Kh1 Qg5 24. Rg1 c5 25. d4 Kf7 26. b4 cxd4 27. cxd4 Qg4 28. dxe5 dxe5 29. Ra3 Rad8 30. Qxb6 Rd1 31. Qxb7+ Ke8 32. Qc8+ Kf7 33. Qc7+ Ke8 34. Qb8+ Kf7 35. Qb7+ Ke8 36. Qb5+ Kf7 37. Bxf4 h3 38. Qb7+ Ke8 39. Qc8+ Kf7 40. Qb7+ Ke8 41. Qb5+ Kf7 42. Bg3 hxg2+ 43. Kxg2 Qh3+ 44. Kf3 Qh5+ 45. Ke3 Rxg1 46. Qxe5 Re1+ 47. Kf4 Qh6+ 48. Kf3 Qh1+ 49. Kf4 Qh6+ 50. Kf3 Qh1+ 51. Kf4 Qh6+ 1/2-1/2

[Event "Wch U20 60th"]
[Site "Mexico City"]
[Date "2023.09.27"]
[Round "6"]
[White "Abdrlauf, Elham"]
[Black "Maurizzi, Marc Andria"]
[Result "1/2-1/2"]
[WhiteElo "2541"]
[BlackElo "2555"]
[PlyCount "60"]
[EventDate "2023.09.21"]
[EventType "swiss"]
[EventRounds "11"]
[EventCountry "MEX"]
[SourceTitle "EXT 2024"]
[Source "ChessBase"]
[SourceDate "2023.10.10"]
[SourceVersion "1"]
[SourceVersionDate "2023.10.10"]
[SourceQuality "1"]

1. e4 e5 2. Nf3 Nf6 3. Nxe5 d6 4. Nf3 Nxe4 5. d4 d5 6. Bd3 Bd6 7. 0-0 0-0 8. c4 c6 9. Nc3 Nxc3 10. bxc3 dxc4 11. Bxc4 Bf5 12. Bg5 Qa5 13. Nh4 Be6 14. Bxe6 Qxg5 15. Nf3 Qa5 16. Bh3 Qc7 17. c4 Nd7 18. g3 b6 19. Rc1 Rfe8 20. Qa4 Rad8 21. Rfd1 Nf6 22. Re1 g6 23. Qc2 Rxe1+ 24. Rxe1 Re8 25. Rxe8+ Nxe8 26. Nd2 Nf6 27. Ne4 Nxe4 28. Qxe4 c5 29. d5 Qe7 30. Qxe7 Bxe7 1/2-1/2